| 000 | 00343 a2200145 4500 | ||
|---|---|---|---|
| 001 | 166954 | ||
| 020 | _a | ||
| 040 | _cMagnum | ||
| 100 | _aVeiga, Ilma Passos Alencastro | ||
| 240 | 1 | 0 |
_aPedagogia universitaria: a aula em foco _lpor |
| 245 | 1 | 0 | _aPedagogia universitaria: a aula em foco |
| 362 | 0 | _a1899 | |
| 697 | _aENSINO | ||
| 942 | _cBK | ||
| 999 |
_c166954 _d166954 |
||